000 00909nam a2200277Ia 4500
003 OSt
005 20220918222330.0
006 a|||||r|||| 00| 0
007 ta
008 220917b |||||||| |||| 00| 0 eng d
020 _c1687.40
024 _a216,438
037 _b367, 04/03/2003, BSB
_cTextual
040 _aARTS
_cARTS
_beng
041 _2eng
_aeng
082 _aW6:91.1z7, P2
100 _aLeduc Lawrence Ed.
_9142797
245 0 _aComparing democracies 2
_b new challenges in the study of elections and voting
260 _aLondon
_bSage publications
_c2002
300 _aix,269p
_ccm.
650 _aPOLITICAL SCIENCE; DEMOCRACY
_915468
700 _a Niemi Richard G. Ed.
_9142798
700 _a Norris Pippa Ed.
_91943
942 _hW6:91.1z7, P2
_cTEXL
_2CC
999 _c275177
_d275177